Central Library OPAC University of Rajshahi

The quest for security in New Zealand, 1840 to 1966 / (Record no. 40872)

MARC details
000 -LEADER
fixed length control field 01085nam a2200301 a 4500
001 - CONTROL NUMBER
control field 40872
003 - CONTROL NUMBER IDENTIFIER
rucl marc code BD-RjUL
005 - DATE AND TIME OF LATEST TRANSACTION
control field 20211209053305.0
008 - FIXED-LENGTH DATA ELEMENTS--GENERAL INFORMATION
fixed length control field 160511s1966 nz a b 001 0 eng
035 ## - SYSTEM CONTROL NUMBER
System control number (BD-RjUL)40988
040 ## - CATALOGING SOURCE
Original cataloging agency DLC
Transcribing agency DLC
Modifying agency DLC
-- BD-RjUL
Language of cataloging eng
041 ## - LANGUAGE CODE
Language code of text/sound track or separate title eng
082 00 - DEWEY DECIMAL CLASSIFICATION NUMBER
Classification number 331.09931
Author mark and year SUQ 1966
100 1# - MAIN ENTRY--PERSONAL NAME
Personal name Sutch, W. B.
Fuller form of name (William Ball),
Dates associated with a name 1907-1975.
9 (RLIN) 125784
245 14 - TITLE STATEMENT
Title The quest for security in New Zealand, 1840 to 1966 /
Statement of responsibility, etc. W. B. Sutch
260 ## - PUBLICATION, DISTRIBUTION, ETC. (IMPRINT)
Place of publication, distribution, etc. Wellington ;
-- New York [etc.] :
Name of publisher, distributor, etc. Oxford University Press,
Date of publication, distribution, etc. 1966.
300 ## - PHYSICAL DESCRIPTION
Pagination xvi, 512 p. ;
Size 20 cm.
350 ## - PRICE (NR) (BK AM CF MU VM SE) [OBSOLETE]
Price unpriced
500 ## - GENERAL NOTE
General note Illus. lining-papers.
General note The first third of this book was published by Penguin in 1942.--Dust jacket.
504 ## - BIBLIOGRAPHY, ETC. NOTE
Bibliography, etc "References": p. 477-489. and index
650 #0 - SUBJECT ADDED ENTRY--TOPICAL TERM
Topical term or geographic name as entry element Working class
Geographic subdivision New Zealand.
9 (RLIN) 125785
651 #0 - SUBJECT ADDED ENTRY--GEOGRAPHIC NAME
Geographic name New Zealand
General subdivision Economic conditions
Chronological subdivision 1918-1945.
9 (RLIN) 125786
Geographic name New Zealand
General subdivision Economic conditions
Chronological subdivision 1945-1984.
9 (RLIN) 125787
Geographic name New Zealand
General subdivision Social conditions.
9 (RLIN) 125788
942 ## - ADDED ENTRY ELEMENTS (KOHA)
Source of classification or shelving scheme Dewey Decimal Classification
Koha item type Books
Holdings
Lost status Source of classification or shelving scheme Damaged status Not for loan Collection code Permanent Location Current Location Shelving location Date acquired Source of acquisition Cost, normal purchase price Total Checkouts Full call number Date last seen Copy number Koha item type
  Dewey Decimal Classification   Not For Loan Non-fiction Central Library, University of Rajshahi Central Library, University of Rajshahi Reading Room 11/05/2016 Sweets ana Zait. 26.60   331.09931 SUQ 1966 11/05/2016 C-1 Books